<?xml version="1.0" encoding="UTF-8"?>
<record
    xmlns:xsi="http://www.w3.org/2001/XMLSchema-instance"
    xsi:schemaLocation="http://www.loc.gov/MARC21/slim http://www.loc.gov/standards/marcxml/schema/MARC21slim.xsd"
    xmlns="http://www.loc.gov/MARC21/slim">

  <leader>01389nam a2200253 i 4500</leader>
  <controlfield tag="001">bg</controlfield>
  <datafield tag="111" ind1="2" ind2=" ">
    <subfield code="a">Mi&#x119;dzynarodowe Sympozjum Naukowe Student&#xF3;w i M&#x142;odych Pracownik&#xF3;w Nauki</subfield>
    <subfield code="n">(17 ;</subfield>
    <subfield code="d">1995 ;</subfield>
    <subfield code="c">Zielona G&#xF3;ra).</subfield>
  </datafield>
  <datafield tag="245" ind1="0" ind2="3">
    <subfield code="a">17 Mi&#x119;dzynarodowe Sympozjum Naukowe Student&#xF3;w i M&#x142;odych Pracownik&#xF3;w Nauki, Zielona G&#xF3;ra, kwiecie&#x144; 1995 =</subfield>
    <subfield code="b">17 Internationales Wissenschaftliches Kolloquium der Studenten und Jungen Wissenschaftler = 17 Me&#x17E;dunarodnyj Nau&#x10D;nyj Simpoizium Studentov i Molodych Nau&#x10D;nych Rabotnikov.</subfield>
    <subfield code="n">T. 3,</subfield>
    <subfield code="p">Elektrotechnika i elektronika = Elektrotechnik und Elektronik /</subfield>
    <subfield code="c">[kol. red. Tomasz Migacz et al.] ; Wy&#x17C;sza Szko&#x142;a In&#x17C;ynierska w Zielonej G&#xF3;rze.</subfield>
  </datafield>
  <datafield tag="246" ind1="1" ind2="1">
    <subfield code="a">Internationales Wissenschaftliches Kolloquium der Studenten und Jungen Wissenschaftler, 17</subfield>
  </datafield>
  <datafield tag="246" ind1="1" ind2="1">
    <subfield code="a">Me&#x17E;dunarodnyj Nau&#x10D;nyj Simpozium Studentov i Molodych Nau&#x10D;nych Rabotnikov, 17</subfield>
  </datafield>
  <datafield tag="260" ind1=" " ind2=" ">
    <subfield code="a">Zielona G&#xF3;ra :</subfield>
    <subfield code="b">Wydaw. WSI,</subfield>
    <subfield code="c">1995.</subfield>
  </datafield>
  <datafield tag="300" ind1=" " ind2=" ">
    <subfield code="a">171 s. :</subfield>
    <subfield code="b">rys., wykr. ;</subfield>
    <subfield code="c">24 cm.</subfield>
  </datafield>
  <datafield tag="500" ind1=" " ind2=" ">
    <subfield code="a">Tekst cz&#x119;&#x15B;c. ang., niem., ros.</subfield>
  </datafield>
  <datafield tag="504" ind1=" " ind2=" ">
    <subfield code="a">Bibliogr., rez., streszcz., summ., Zsfassung przy ref.</subfield>
  </datafield>
  <datafield tag="650" ind1=" " ind2="9">
    <subfield code="a">Elektroenergetyka</subfield>
  </datafield>
  <datafield tag="650" ind1=" " ind2="9">
    <subfield code="a">Komputery</subfield>
    <subfield code="x">stosowanie</subfield>
  </datafield>
  <datafield tag="655" ind1=" " ind2=" ">
    <subfield code="a">Materia&#x142;y konferencyjne</subfield>
  </datafield>
  <datafield tag="700" ind1="1" ind2=" ">
    <subfield code="a">Migacz, Tomasz.</subfield>
    <subfield code="e">Red.</subfield>
  </datafield>
  <datafield tag="040" ind1=" " ind2=" ">
    <subfield code="c">BPK</subfield>
  </datafield>
  <datafield tag="041" ind1="0" ind2=" ">
    <subfield code="a">pleneru</subfield>
  </datafield>
  <datafield tag="080" ind1=" " ind2=" ">
    <subfield code="a">62+69+681.322.004+65.012](061.3)</subfield>
  </datafield>
  <datafield tag="942" ind1=" " ind2=" ">
    <subfield code="c">KS</subfield>
  </datafield>
  <controlfield tag="008">      s        pl     f     |000 0 pol  </controlfield>
  <datafield tag="999" ind1=" " ind2=" ">
    <subfield code="c">31158</subfield>
    <subfield code="d">31158</subfield>
  </datafield>
  <datafield tag="856" ind1=" " ind2=" ">
    <subfield code="u">http://koha.tu.koszalin.pl/cgi-bin/koha/opac-detail.pl?biblionumber=31158</subfield>
    <subfield code="y">Katalog online BPK</subfield>
  </datafield>
  <datafield tag="952" ind1=" " ind2=" ">
    <subfield code="0">0</subfield>
    <subfield code="1">0</subfield>
    <subfield code="4">0</subfield>
    <subfield code="7">0</subfield>
    <subfield code="a">BPK</subfield>
    <subfield code="b">BPK</subfield>
    <subfield code="c">w</subfield>
    <subfield code="o">38266</subfield>
    <subfield code="p">01128734</subfield>
    <subfield code="y">KS</subfield>
  </datafield>
</record>
